ARRUPE JESUIT UNIVERSITY

CORONAVIRUS -STOP THE SPREAD - CLEAN,DISINFECT,COVER

Gens de la parole : (Record no. 127760)

MARC details
000 -LEADER
fixed length control field 01014cam a2200277 p 4500
001 - CONTROL NUMBER
control field 840674
003 - CONTROL NUMBER IDENTIFIER
control field ARRUPE
005 - DATE AND TIME OF LATEST TRANSACTION
control field 20180323113019.0
008 - FIXED-LENGTH DATA ELEMENTS--GENERAL INFORMATION
fixed length control field 770825s1976 fr af b 000 0 fre
010 ## - LIBRARY OF CONGRESS CONTROL NUMBER
LC control number 77477205
015 ## - NATIONAL BIBLIOGRAPHY NUMBER
National bibliography number Ne76-37
020 ## - INTERNATIONAL STANDARD BOOK NUMBER
International Standard Book Number 2719308919 :
Terms of availability fl 35.00
040 ## - CATALOGING SOURCE
Original cataloging agency DLC
Transcribing agency DLC
Modifying agency DLC
043 ## - GEOGRAPHIC AREA CODE
Geographic area code fw-----
050 00 - LIBRARY OF CONGRESS CALL NUMBER
Classification number DT474.5
Item number .C35
300 ## - PHYSICAL DESCRIPTION
Dimensions 23 cm.
100 1# - MAIN ENTRY--PERSONAL NAME
Personal name Camara, Sory.
9 (RLIN) 40921
245 10 - TITLE STATEMENT
Title Gens de la parole :
Remainder of title essai sur la condition et le rôle des griots dans la société malinké /
Statement of responsibility, etc Sory Camara.
260 ## - PUBLICATION, DISTRIBUTION, ETC. (IMPRINT)
Place of publication, distribution, etc Paris ;
Name of publisher, distributor, etc ACCT,
Date of publication, distribution, etc c1976.
300 ## - PHYSICAL DESCRIPTION
Extent 375 p. ;
440 ## - SERIES STATEMENT/ADDED ENTRY--TITLE
Title Hommes et Societes
9 (RLIN) 6716
504 ## - BIBLIOGRAPHY, ETC. NOTE
Bibliography, etc Bibliography: p. 338-353.
650 #0 - SUBJECT ADDED ENTRY--TOPICAL TERM
Topical term or geographic name as entry element Mandingo (African people)
General subdivision Social life and customs.
9 (RLIN) 36802
650 #0 - SUBJECT ADDED ENTRY--TOPICAL TERM
Topical term or geographic name as entry element Griots
Geographic subdivision Africa, West.
9 (RLIN) 40922
650 #0 - SUBJECT ADDED ENTRY--TOPICAL TERM
Topical term or geographic name as entry element Mandingo (African people)
General subdivision Music
-- History and criticism.
9 (RLIN) 40923
650 #0 - SUBJECT ADDED ENTRY--TOPICAL TERM
Topical term or geographic name as entry element Music
Geographic subdivision Africa, West
General subdivision History and criticism.
9 (RLIN) 40924
906 ## - LOCAL DATA ELEMENT F, LDF (RLIN)
a 7
b cbc
c orignew
d 3
e ncip
f 19
g y-gencatlg
942 ## - ADDED ENTRY ELEMENTS (KOHA)
Source of classification or shelving scheme Library of Congress Classification
Koha item type Monograph ( Printed materials)
Holdings
Withdrawn status Lost status Source of classification or shelving scheme Damaged status Not for loan Collection code Home library Current library Shelving location Date acquired Total Checkouts Full call number Barcode Date last seen Price effective from Koha item type
    Library of Congress Classification     Main Collection ARRUPE LIBRARY ARRUPE LIBRARY Main Collection 23/03/2018   DT474.5 .C35 46600001853 23/03/2018 23/03/2018 Monograph ( Printed materials)

 

Arrupe Library. PO Box MP320 Mt Pleasant, Harare, Zimbabwe
263 242 745411|librarian@aju.ac.zw